000 00629nam a22002297a 4500
003 UA-OsUOA
001 55073
007 ta
008 20080808b un ||||| |||| 00| 0 ukr d
100 _aДармаева В. Д.
090 _a343.1
_bД20
942 _cBK
040 _aUA-OsUOA
_brus
_cUA-OsUOA
_dUA-OsUOA
245 _aСледователь в уголовном судопроизводстве
300 _a128 с.
955 _a1
041 _arus
080 _a343.1
260 _aМ.
_bМПСИ
_c2007
650 7 _a343 Кримінальне право. Карні порушення
_2UDC
999 _c341144
_d341144